000
00216 a2200097 4500
001
7745
100
_a
Yule, G.U
245
_a
Introduction to the theory of statistics
260
_a
_b
Griffin
_c
090
_c
6202
_d
6202
942
_a
NUST-CAE
_c
M
_c
32715
999
_c
242818
_d
242818